[Event "Titled Tuesday intern op 20th Jun Late"]
[Site "Chess.com INT"]
[Date "2023.06.20"]
[Round "6"]
[White "Sala, Giulia"]
[Black "Grabs, Peter"]
[Result "1-0"]
[WhiteElo "2013"]
[BlackElo "1566"]
[PlyCount "93"]
[EventDate "2023.06.20"]
[EventType "swiss (blitz)"]
[EventRounds "11"]
[EventCountry "USA"]
[SourceTitle "EXT 2024"]
[Source "ChessBase"]
[SourceDate "2023.10.10"]
[SourceVersion "1"]
[SourceVersionDate "2023.10.10"]
[SourceQuality "1"]

1. e4 e6 2. d4 d5 3. Nc3 Bb4 4. e5 c5 5. a3 Bxc3+ 6. bxc3 Nc6 7. Qg4 Kf8 8. Bd2 Qa5 9. Nf3 Qa4 10. Ra2 Nge7 11. Bd3 c4 12. Be2 b5 13. 0-0 a5 14. Rb1 Rb8 15. Rbb2 Bd7 16. h4 h6 17. h5 Nf5 18. Nh4 Nxh4 19. Qxh4 Ne7 20. Qf4 Kg8 21. Be1 Kh7 22. Qxf7 Rbe8 23. Qf4 Rhf8 24. Qc1 Nc6 25. Qb1 Ne7 26. Rb4 axb4 27. axb4 Ra8 28. Rxa4 Rxa4 29. Qc1 Rfa8 30. Bg4 Ra1 31. Qe3 Rb1 32. Kh2 Raa1 33. Bd2 Rh1+ 34. Kg3 Nf5+ 35. Bxf5+ exf5 36. e6 Be8 37. Qe5 Rxh5 38. Kf3 g5 39. e7 g4+ 40. Kf4 Rf1 41. Be3 Rh2 42. Qxf5+ Bg6 43. e8Q Bxf5 44. Qf7+ Kh8 45. Kxf5 Rxg2 46. Kg6 Rfxf2 47. Qg7# 1-0

[Event "GER-ch U14"]
[Site "Willingen"]
[Date "2023.05.28"]
[Round "1"]
[White "Grabs, Peter"]
[Black "Tuerel, Tugrul"]
[Result "0-1"]
[WhiteElo "1552"]
[BlackElo "1855"]
[PlyCount "72"]
[EventDate "2023.05.27"]
[EventType "swiss"]
[EventRounds "9"]
[EventCountry "GER"]
[SourceTitle "CBM 214 Extra"]
[Source "ChessBase"]
[SourceDate "2023.07.31"]
[SourceVersion "1"]
[SourceVersionDate "2023.07.31"]
[SourceQuality "1"]

1. e4 e5 2. Nf3 Nc6 3. Bb5 a6 4. Bxc6 dxc6 5. Nc3 f6 6. d4 exd4 7. Qxd4 Qxd4 8. Nxd4 Bd7 9. Be3 Bb4 10. Nde2 Ne7 11. a3 Bd6 12. 0-0-0 0-0-0 13. Na4 Ng6 14. Nb6+ Kb8 15. Nxd7+ Rxd7 16. Nd4 Rhd8 17. f3 Ne5 18. Ne6 Re8 19. Nc5 Rdd8 20. b3 a5 21. Kb2 Ng6 22. g3 Ne5 23. Rhf1 Bxc5 24. Rxd8+ Rxd8 25. Bxc5 Rd2 26. Bg1 Re2 27. Kc3 b6 28. f4 Ng4 29. Kd3 Rg2 30. a4 Kc8 31. Rc1 Kd7 32. Kd4 Nxh2 33. Bxh2 Rxh2 34. c4 Rg2 35. Rc3 c5+ 36. Kd5 c6# 0-1

[Event "GER-chT Lands U20"]
[Site "Berlin"]
[Date "2020.10.01"]
[Round "3.8"]
[White "Grabs, Peter"]
[Black "Mueller, Maximilian3333"]
[Result "0-1"]
[WhiteElo "1674"]
[BlackElo "1691"]
[PlyCount "50"]
[EventDate "2020.09.29"]
[EventType "team-swiss"]
[EventRounds "7"]
[EventCountry "GER"]
[SourceTitle "CBM 198 Extra"]
[Source "ChessBase"]
[SourceDate "2020.11.30"]
[SourceVersion "1"]
[SourceVersionDate "2020.11.30"]
[SourceQuality "1"]
[WhiteTeam "Brandenburg U20"]
[BlackTeam "Saarland U20"]
[WhiteTeamCountry "GER"]
[BlackTeamCountry "GER"]

1. e4 e6 2. d4 d5 3. exd5 exd5 4. Bd3 Nc6 5. c3 Bd6 6. Ne2 Nge7 7. Bf4 Be6 8. 0-0 f6 9. Nd2 Qd7 10. Nf3 0-0-0 11. b4 g5 12. Bxd6 Qxd6 13. a4 h5 14. a5 Nf5 15. Ng3 Nxg3 16. fxg3 h4 17. gxh4 gxh4 18. b5 Ne7 19. Nd2 Bd7 20. Nb3 Rdg8 21. Kh1 f5 22. Nc5 f4 23. Nxd7 h3 24. gxh3 Rxh3 25. Ne5 Rxh2+ 0-1

[Event "EU Union-ch U12"]
[Site "Kouty nad Desnou"]
[Date "2020.08.14"]
[Round "1"]
[White "Grabs, Peter"]
[Black "Reznickova, Sibyla"]
[Result "1-0"]
[WhiteElo "1682"]
[BlackElo "1202"]
[PlyCount "151"]
[EventDate "2020.08.14"]
[EventType "swiss"]
[EventRounds "9"]
[EventCountry "CZE"]
[SourceTitle "EXT 2021"]
[Source "ChessBase"]
[SourceDate "2020.10.23"]
[SourceVersion "1"]
[SourceVersionDate "2020.10.23"]
[SourceQuality "1"]

1. e4 e5 2. Nf3 Nc6 3. Bb5 Bc5 4. Nxe5 Bxf2+ 5. Kxf2 Nxe5 6. Rf1 c6 7. Ba4 Qh4+ 8. Kg1 Nf6 9. d4 Ng6 10. Nc3 0-0 11. Qf3 d6 12. h3 b5 13. Bb3 Be6 14. g4 Rae8 15. Be3 b4 16. Ne2 Bxb3 17. axb3 Re7 18. Ng3 Qxh3 19. Nf5 Qxf3 20. Nxe7+ Nxe7 21. Rxf3 Nxg4 22. Rxa7 Ng6 23. Rd7 Nf6 24. Rxd6 Nxe4 25. Rxc6 Nf6 26. Rb6 Re8 27. Rb5 h6 28. Bxh6 Re1+ 29. Kf2 Rh1 30. Be3 Ng4+ 31. Ke2 Nh4 32. Rf4 Nf6 33. Bf2 Ng2 34. Rf3 Ne4 35. Rb8+ Kh7 36. Re8 Nf6 37. Rb8 Rh2 38. Bg3 Rh1 39. Rf1 Rh3 40. Kf2 Nh4 41. Bxh4 Rxh4 42. Rxb4 Rh2+ 43. Kf3 Rxc2 44. Rf2 Rc1 45. Rh2+ Kg6 46. Rc4 Rf1+ 47. Ke2 Rg1 48. b4 Rb1 49. Kd3 Nd5 50. Rg2+ Kf6 51. Ke4 Ne7 52. Rf2+ Kg6 53. Rg2+ Kf6 54. Rf2+ Kg6 55. Ke5 Re1+ 56. Kd6 Re6+ 57. Kd7 Nd5 58. Rc6 Nb6+ 59. Kc7 Nd5+ 60. Kb7 Nxb4 61. Rxe6+ fxe6 62. Kb6 Nd5+ 63. Kc5 Kg5 64. Re2 Kf6 65. b4 g5 66. b5 Nc7 67. b6 Na6+ 68. Kb5 Nb8 69. b7 Ke7 70. d5 g4 71. Rxe6+ Kd7 72. Rg6 Kc7 73. Rg7+ Kd6 74. Kb6 Nd7+ 75. Rxd7+ Kxd7 76. b8Q 1-0

[Event "EU Union-ch U10"]
[Site "Kouty nad Desnou"]
[Date "2019.08.24"]
[Round "9"]
[White "Grabs, Peter"]
[Black "Novomeska, Karin"]
[Result "1-0"]
[WhiteElo "1638"]
[BlackElo "1269"]
[PlyCount "40"]
[EventDate "2019.08.16"]
[EventType "swiss"]
[EventRounds "9"]
[EventCountry "CZE"]
[SourceTitle "EXT 2020"]
[Source "ChessBase"]
[SourceDate "2019.10.17"]
[SourceVersion "1"]
[SourceVersionDate "2019.10.17"]
[SourceQuality "1"]

1. e4 e6 2. d4 d5 3. exd5 exd5 4. Bd3 Bd6 5. Qf3 Nf6 6. h3 Be6 7. Ne2 Nbd7 8. Bf4 Qe7 9. 0-0 0-0 10. Re1 Rfe8 11. Nd2 c6 12. c3 Nf8 13. Bg5 N8d7 14. Ng3 Bxg3 15. Qxg3 Qd8 16. f4 Nf8 17. f5 Bc8 18. Rxe8 Qxe8 19. Bxf6 g6 20. Re1 Qxe1+ 1-0

[Event "EU Union-ch U10"]
[Site "Kouty nad Desnou"]
[Date "2019.08.22"]
[Round "7"]
[White "Vana, Jan1111"]
[Black "Grabs, Peter"]
[Result "0-1"]
[WhiteElo "1118"]
[BlackElo "1638"]
[PlyCount "58"]
[EventDate "2019.08.16"]
[EventType "swiss"]
[EventRounds "9"]
[EventCountry "CZE"]
[SourceTitle "EXT 2020"]
[Source "ChessBase"]
[SourceDate "2019.10.17"]
[SourceVersion "1"]
[SourceVersionDate "2019.10.17"]
[SourceQuality "1"]

1. d4 e6 2. c4 f5 3. Nc3 Nf6 4. e3 d5 5. Bd3 c6 6. Nge2 Bd6 7. Qc2 0-0 8. f3 Nbd7 9. 0-0 Kh8 10. Bd2 h6 11. e4 fxe4 12. fxe4 dxe4 13. Nxe4 Nxe4 14. Bxe4 Nf6 15. Kh1 e5 16. Rad1 Ng4 17. dxe5 Rxf1+ 18. Rxf1 Nxh2 19. exd6 Nxf1 20. Bf4 Qh4+ 21. Kg1 Qe1 22. Qc3 Nd2+ 23. Kh2 Qh4+ 24. Kg1 Nxe4 25. Qd3 Qe1+ 26. Kh2 Nf2 27. Qf3 Ng4+ 28. Kh3 Ne5+ 29. Kh2 Nxf3+ 0-1

[Event "EU Union-ch U10"]
[Site "Kouty nad Desnou"]
[Date "2019.08.16"]
[Round "1"]
[White "Grabs, Peter"]
[Black "Barteckova, Valerie"]
[Result "1-0"]
[WhiteElo "1638"]
[BlackElo "1128"]
[PlyCount "69"]
[EventDate "2019.08.16"]
[EventType "swiss"]
[EventRounds "9"]
[EventCountry "CZE"]
[SourceTitle "EXT 2020"]
[Source "ChessBase"]
[SourceDate "2019.10.17"]
[SourceVersion "1"]
[SourceVersionDate "2019.10.17"]
[SourceQuality "1"]

1. e4 e5 2. Nf3 Nc6 3. Bb5 Nf6 4. 0-0 d6 5. Re1 Be7 6. h3 0-0 7. c3 a6 8. Ba4 b5 9. Bc2 Re8 10. d4 exd4 11. cxd4 Bb7 12. a3 h6 13. Nc3 Bf8 14. Bf4 Ne7 15. Qd2 Ng6 16. Bh2 c6 17. Re2 d5 18. e5 Nh7 19. Rae1 Bc8 20. Bd3 Be6 21. Qc2 Ng5 22. Nd2 Ne7 23. Nb3 Bc8 24. f4 Ne6 25. f5 Nc7 26. f6 gxf6 27. exf6 Nf5 28. Bxf5 Bxf5 29. Qxf5 Rxe2 30. Rxe2 Ne8 31. Be5 a5 32. Re3 Kh8 33. Rg3 Bd6 34. Qg4 Nc7 35. Qg7# 1-0

[Event "EU-ch U10"]
[Site "Bratislava"]
[Date "2019.08.09"]
[Round "8"]
[White "Grabs, Peter"]
[Black "Kozlovic, Jernej"]
[Result "1/2-1/2"]
[WhiteElo "1638"]
[BlackElo "1332"]
[PlyCount "62"]
[EventDate "2019.08.02"]
[EventType "swiss"]
[EventRounds "9"]
[EventCountry "SVK"]
[SourceTitle "EXT 2020"]
[Source "ChessBase"]
[SourceDate "2019.10.17"]
[SourceVersion "1"]
[SourceVersionDate "2019.10.17"]
[SourceQuality "1"]

1. e4 e5 2. Nf3 Nc6 3. Bb5 a6 4. Bxc6 dxc6 5. d4 exd4 6. Qxd4 Qxd4 7. Nxd4 Bd7 8. Be3 Nf6 9. f3 0-0-0 10. Nd2 Bc5 11. c3 Rhe8 12. 0-0-0 Bb6 13. Nc4 c5 14. Nxb6+ cxb6 15. Nc2 Be6 16. a3 Bb3 17. Rxd8+ Rxd8 18. Rd1 Rxd1+ 19. Kxd1 Kd7 20. Kd2 Ke6 21. Ne1 Nd7 22. Nd3 Ne5 23. Nxe5 Kxe5 24. Kd3 f6 25. f4+ Ke6 26. g3 Ba2 27. Kc2 Bc4 28. b3 Bf1 29. Kd2 Bg2 30. e5 fxe5 31. fxe5 Kxe5 1/2-1/2

[Event "EU-ch U10"]
[Site "Bratislava"]
[Date "2019.08.07"]
[Round "6"]
[White "Grabs, Peter"]
[Black "Toktomushev, Teimur"]
[Result "0-1"]
[WhiteElo "1638"]
[BlackElo "1977"]
[PlyCount "50"]
[EventDate "2019.08.02"]
[EventType "swiss"]
[EventRounds "9"]
[EventCountry "SVK"]
[SourceTitle "EXT 2020"]
[Source "ChessBase"]
[SourceDate "2019.10.17"]
[SourceVersion "1"]
[SourceVersionDate "2019.10.17"]
[SourceQuality "1"]

1. e4 c5 2. Nf3 Nc6 3. Bb5 g6 4. 0-0 Bg7 5. Re1 Nf6 6. c3 0-0 7. d4 cxd4 8. cxd4 d6 9. Nc3 Bg4 10. Be3 a6 11. Bf1 e5 12. d5 Ne7 13. h3 Bxf3 14. Qxf3 Nd7 15. Qd1 f5 16. f3 f4 17. Bf2 Nc5 18. b4 Nd7 19. a4 a5 20. b5 Nc8 21. Nb1 Bf6 22. Nd2 Bh4 23. Nb3 Bxf2+ 24. Kxf2 Qb6+ 25. Ke2 Qe3# 0-1

[Event "GER-ch U10"]
[Site "Willingen"]
[Date "2019.06.13"]
[Round "8"]
[White "Sommer, Justus"]
[Black "Grabs, Peter"]
[Result "1/2-1/2"]
[WhiteElo "1684"]
[BlackElo "1575"]
[PlyCount "118"]
[EventDate "2019.06.08"]
[EventType "swiss"]
[EventRounds "11"]
[EventCountry "GER"]
[SourceTitle "CBM 191 Extra"]
[Source "ChessBase"]
[SourceDate "2019.09.30"]
[SourceVersion "1"]
[SourceVersionDate "2019.09.30"]
[SourceQuality "1"]

1. e4 e6 2. d4 d5 3. Nc3 Bb4 4. Nge2 Nf6 5. Bg5 h6 6. Bxf6 Qxf6 7. a3 Bxc3+ 8. Nxc3 dxe4 9. Nxe4 Qe7 10. Bd3 0-0 11. 0-0 Nd7 12. c3 b6 13. Bc2 Bb7 14. Qd3 Bxe4 15. Qxe4 Nf6 16. Qf3 Rfd8 17. Rfe1 c5 18. Rad1 cxd4 19. Rxd4 Rxd4 20. Qxa8+ Rd8 21. Qf3 Rd2 22. Re2 Rxe2 23. Qxe2 Qd6 24. h3 Kf8 25. Ba4 Qf4 26. Bc6 Qc1+ 27. Kh2 Qf4+ 28. g3 Qc7 29. Bg2 Ke7 30. c4 a5 31. Qd3 Qc5 32. f4 Qd6 33. Qc3 Qc7 34. b4 axb4 35. axb4 g6 36. c5 bxc5 37. bxc5 h5 38. Qa3 h4 39. c6+ Ke8 40. Qa8+ Ke7 41. Qb7 hxg3+ 42. Kxg3 Nh5+ 43. Kf3 Kd8 44. Qxc7+ Kxc7 45. Ke3 Kd6 46. Bf3 Nf6 47. Bg2 Nd5+ 48. Ke4 f5+ 49. Kf3 Kxc6 50. Bf1 Kd7 51. Bb5+ Ke7 52. h4 Kf6 53. Bc4 Kg7 54. Ba6 Nc7 55. Be2 Kh6 56. Bc4 Kh5 57. Kg3 Nd5 58. Be2+ Kh6 59. Bc4 Nc7 1/2-1/2

[Event "GER-ch U10"]
[Site "Willingen"]
[Date "2019.06.10"]
[Round "4"]
[White "Ermitsch, Magnus"]
[Black "Grabs, Peter"]
[Result "0-1"]
[WhiteElo "1843"]
[BlackElo "1575"]
[PlyCount "134"]
[EventDate "2019.06.08"]
[EventType "swiss"]
[EventRounds "11"]
[EventCountry "GER"]
[SourceTitle "CBM 191 Extra"]
[Source "ChessBase"]
[SourceDate "2019.09.30"]
[SourceVersion "1"]
[SourceVersionDate "2019.09.30"]
[SourceQuality "1"]

1. e4 e6 2. d4 d5 3. Nd2 Nf6 4. e5 Nfd7 5. Bd3 c5 6. c3 Nc6 7. Ne2 cxd4 8. cxd4 f6 9. exf6 Nxf6 10. 0-0 Bd6 11. Nf3 0-0 12. Bf4 Bxf4 13. Nxf4 Qd6 14. Qc1 Bd7 15. Re1 Rac8 16. Ng5 Nxd4 17. Qe3 Nf5 18. Qe5 Qxe5 19. Rxe5 Rfe8 20. Rae1 Nd4 21. h3 Nc6 22. R5e3 e5 23. Nh5 e4 24. Nxf6+ gxf6 25. Bxe4 dxe4 26. Nxe4 Re6 27. Rd1 Be8 28. Rd6 Kf7 29. Ng5+ fxg5 30. Rdxe6 Rd8 31. R6e4 h6 32. h4 Rd1+ 33. Kh2 Bd7 34. hxg5 hxg5 35. Rg3 Kg6 36. Rge3 Rd2 37. Re2 Rd1 38. f3 Rd3 39. R4e3 Rd4 40. Kg3 Kf5 41. Re4 Rd3 42. Re1 Rd2 43. R4e2 Rd3 44. Rh1 Kg6 45. Rh8 Kg7 46. Rh1 Kg6 47. Ree1 Nd4 48. Rd1 Nf5+ 49. Kf2 Rxd1 50. Rxd1 Bc6 51. Rd8 a6 52. Rg8+ Kf6 53. Rf8+ Kg6 54. g3 Nd4 55. f4 gxf4 56. Rxf4 Ne6 57. Rb4 Kg5 58. a3 Kf5 59. Rh4 Kg5 60. b4 Kg6 61. Ke3 Kg5 62. Kd3 Bd5 63. Kc3 Kg6 64. a4 Bc6 65. b5 axb5 66. a5 Ng5 67. Kd4 Nf3+ 0-1

[Event "GER-ch U10"]
[Site "Willingen"]
[Date "2019.06.10"]
[Round "3"]
[White "Grabs, Peter"]
[Black "Haubold, Sebastian Marcel"]
[Result "1-0"]
[WhiteElo "1575"]
[BlackElo "1506"]
[PlyCount "139"]
[EventDate "2019.06.08"]
[EventType "swiss"]
[EventRounds "11"]
[EventCountry "GER"]
[SourceTitle "CBM 191 Extra"]
[Source "ChessBase"]
[SourceDate "2019.09.30"]
[SourceVersion "1"]
[SourceVersionDate "2019.09.30"]
[SourceQuality "1"]

1. e4 c5 2. Nf3 d6 3. Bb5+ Nc6 4. 0-0 Bd7 5. Re1 Nf6 6. c3 a6 7. Bf1 Bg4 8. h3 Bxf3 9. Qxf3 g6 10. Qd1 Bh6 11. Na3 e5 12. Nc2 0-0 13. d4 Bxc1 14. Rxc1 Qb6 15. d5 Ne7 16. b3 Qa5 17. Ne3 b5 18. Qc2 Nd7 19. Bd3 Qb6 20. a4 Rab8 21. axb5 axb5 22. Ra1 Ra8 23. Ra2 Ra6 24. Rea1 Rfa8 25. Qb2 R8a7 26. Ra3 Qb7 27. R1a2 Qa8 28. Nc2 Qb7 29. Qa1 Rxa3 30. Rxa3 Rxa3 31. Nxa3 f5 32. f3 b4 33. Nc4 Qc7 34. cxb4 fxe4 35. fxe4 cxb4 36. Qa8+ Kg7 37. Qa5 Qb8 38. Bc2 Kf8 39. Kf2 Kg7 40. Ke2 Nc8 41. Qd8 Qb7 42. Bd3 h6 43. Na5 Qa7 44. Qxc8 Qxa5 45. Qxd7+ Kg8 46. Qe6+ Kg7 47. Qxd6 Qa2+ 48. Ke3 Qxg2 49. Qxe5+ Kf7 50. Qe6+ Kg7 51. Qg4 Qb2 52. Qd7+ Kg8 53. Qc8+ Kg7 54. Qb7+ Kf6 55. Qb6+ Kg7 56. Qd4+ Qxd4+ 57. Kxd4 Kf6 58. e5+ Ke7 59. d6+ Ke6 60. Bc4+ Kd7 61. Kc5 g5 62. e6+ Kd8 63. e7+ Kd7 64. Bb5+ Ke6 65. e8Q+ Kf5 66. d7 g4 67. d8Q gxh3 68. Qdd7+ Kf4 69. Qdf7+ Kg3 70. Qeg8+ 1-0

[Event "GER-ch U10"]
[Site "Willingen"]
[Date "2019.06.09"]
[Round "1"]
[White "Grabs, Peter"]
[Black "Gaertner, Alessandro"]
[Result "1-0"]
[WhiteElo "1575"]
[BlackElo "1233"]
[PlyCount "73"]
[EventDate "2019.06.08"]
[EventType "swiss"]
[EventRounds "11"]
[EventCountry "GER"]
[SourceTitle "CBM 191 Extra"]
[Source "ChessBase"]
[SourceDate "2019.09.30"]
[SourceVersion "1"]
[SourceVersionDate "2019.09.30"]
[SourceQuality "1"]

1. e4 c5 2. Nf3 Nc6 3. Bb5 g6 4. 0-0 Bg7 5. Re1 Nf6 6. c3 0-0 7. d4 d6 8. Bg5 Qb6 9. Bxc6 bxc6 10. Qb3 Qxb3 11. axb3 h6 12. Bxf6 Bxf6 13. e5 Bg7 14. exd6 exd6 15. dxc5 dxc5 16. Nbd2 Be6 17. Ra6 Rfc8 18. Rea1 Rc7 19. R1a2 Kf8 20. h3 Ke7 21. Nc4 Bxc4 22. bxc4 Ke6 23. Nd2 f5 24. Nb3 Bf8 25. R6a5 Bd6 26. Nxc5+ Kf6 27. Nb3 Re8 28. g3 Ra8 29. Ra6 Ke5 30. Nd4 Ke4 31. Nxc6 Kf3 32. Nd4+ Ke4 33. Rxd6 g5 34. f3+ Ke3 35. b3 f4 36. Kg2 Rac8 37. Nf5# 1-0

[Event "EU Union-ch U10"]
[Site "Kouty nad Desnou"]
[Date "2018.08.15"]
[Round "9"]
[White "Grabs, Peter"]
[Black "Vingris, Mikelis"]
[Result "1/2-1/2"]
[WhiteElo "1667"]
[BlackElo "1485"]
[PlyCount "94"]
[EventDate "2018.08.07"]
[EventType "swiss"]
[EventRounds "9"]
[EventCountry "CZE"]
[SourceTitle "CBM 186 Extra"]
[Source "ChessBase"]
[SourceDate "2018.08.24"]
[SourceVersion "1"]
[SourceVersionDate "2018.08.24"]
[SourceQuality "1"]

1. e4 c5 2. Nf3 d6 3. Bb5+ Nd7 4. d4 cxd4 5. Nxd4 Ngf6 6. Nc3 g6 7. 0-0 Bg7 8. Re1 0-0 9. Be3 a6 10. Bf1 Qc7 11. h3 b5 12. f3 Bb7 13. a3 Rac8 14. Qd2 Rfd8 15. Bh6 Bh8 16. Nf5 Nf8 17. Bxf8 Kxf8 18. Qh6+ Kg8 19. Qg5 e6 20. Ng3 Qc5+ 21. Qxc5 dxc5 22. Rad1 Kf8 23. Kf2 Ng8 24. Nge2 Ne7 25. Rxd8+ Rxd8 26. Rd1 Rxd1 27. Nxd1 Nc6 28. Ke3 Ke7 29. a4 b4 30. b3 Nd4 31. Nxd4 Bxd4+ 32. Kd3 a5 33. Ne3 Bxe3 34. Kxe3 Kf6 35. g4 g5 36. Bc4 Ke5 37. Bd3 Bc8 38. h4 h6 39. hxg5 hxg5 40. Be2 f5 41. gxf5 exf5 42. exf5 Bxf5 43. Bd3 Bxd3 44. Kxd3 Kf4 45. Ke2 Kg3 46. Ke3 Kg2 47. Ke2 Kg3 1/2-1/2

[Event "EU-chT U12"]
[Site "Bad Blankenburg"]
[Date "2018.07.13"]
[Round "3.4"]
[White "Grabs, Peter"]
[Black "Ermitsch, Magnus"]
[Result "0-1"]
[WhiteElo "1649"]
[BlackElo "1594"]
[PlyCount "62"]
[EventDate "2018.07.12"]
[EventType "team-tourn"]
[EventRounds "9"]
[EventCountry "GER"]
[SourceTitle "EXT 2019"]
[Source "ChessBase"]
[SourceDate "2018.10.10"]
[SourceVersion "1"]
[SourceVersionDate "2018.10.10"]
[SourceQuality "1"]
[WhiteTeam "Germany U12"]
[BlackTeam "Germany U12 III"]
[WhiteTeamCountry "GER"]
[BlackTeamCountry "GER"]

1. e4 c5 2. Nf3 e6 3. c4 Nc6 4. Nc3 e5 5. Be2 Nf6 6. 0-0 Be7 7. d3 0-0 8. Bg5 d6 9. a3 Be6 10. Rb1 a5 11. h3 h6 12. Be3 Nd7 13. Nd5 f5 14. Nxe7+ Qxe7 15. Nh2 fxe4 16. dxe4 Nf6 17. f3 Nh5 18. Re1 Nd4 19. Nf1 Qh4 20. Bf2 Qg5 21. Be3 Nf4 22. Bxf4 Rxf4 23. Kh2 Rh4 24. Qc1 Qg6 25. Ne3 Bxh3 26. gxh3 Qh5 27. Kg2 Rxh3 28. Ng4 Qh4 29. Kf1 Qg3 30. Nf2 Rh2 31. Qe3 Qg2# 0-1